000
00233nam a2200097Ia 4500
082
_a
R 503 GRO
245
0
_a
Gauteng
100
_a
CADMAN, Mike Johannesburg, 2009
942
_c
BK
008
210817s9999 xx 000 0 und d
999
_c
268665
_d
268664